000 01032nam a2200253 a 4500
001 000031461
005 20240412074255.0
008 110622s1953 cu r 000 0 spa d
040 _aDO-SdBNP
_bspa
_cBNPHU
082 _aRD860.4
_bN789e
100 1 _aNolasco, Sócrates,
_d1884-1980
_922323
245 1 0 _aEscritores de Puerto Rico :
_bNemesio R. Canales, Antonio Pérez Pierret, Miguel Guerra Mondragón, Luis Lloréns Torres /
_cSócrates Nolasco ; prólogo de Luis Muñoz Marín.
260 _aManzanillo, Cuba :
_bEl Arte,
_c1953.
300 _a232 p. ;
_c21 cm.
500 _aIncluye referencias bibliográficas y notas al pie de las páginas
505 0 _aMomentos de Nemesio R. Canales
590 _aInventariado, 2018/LP
600 1 4 _aCANALES, NEMESIO R.
_940662
650 0 _aLiteratura dominicana.
_967
650 4 _aLiteratura puertorriqueña
_9250
650 4 _aAutores puertorriqueños
_vBIOGRAFÍAS
_920204
700 1 _aMuñoz Marín, Luis,
_d1898-1980.
_eprol.
_912435
910 _aValidado. Control de calidad MFF
999 _c30953
_d30953